Catalog

Record Details

Catalog Search



Available copies

  • 1 of 1 copy available at LARL/NWRL Consortium.

Current holds

0 current holds with 1 total copy.

Show Only Available Copies
Location Call Number / Copy Notes Barcode Shelving Location Status Due Date
Warroad Public Library pb LAU (Text) 35500004978480 Main Available -

Record details

  • ISBN: 9780062068613
  • ISBN: 006206861X
  • Physical Description: 440 p. : geneal. table ; 17 cm.
  • Publisher: New York : Avon, c2011.
Subject: Cynster family (Fictitious characters) > Fiction.
Kidnapping > Fiction.
Man-woman relationships > Fiction.
Genre: Regency fiction.
Love stories.
LDR 01455cam a2200373Ia 4500
001133912
003LARL_NWRL_CONSORTIUM
00520170524194236.0
008110216s2011 nyuj 000 1 eng d
020 . ‡a9780062068613
020 . ‡a006206861X
035 . ‡a(OCoLC)703205768
08204. ‡a823/.92 ‡223
1001 . ‡aLaurens, Stephanie. ‡0(LARL_NWRL_CONSORTIUM)139417
24510. ‡aIn pursuit of Eliza Cynster ‡n2 / ‡cStephanie Laurens.
260 . ‡aNew York : ‡bAvon, ‡cc2011.
300 . ‡a440 p. : ‡bgeneal. table ; ‡c17 cm.
4900 . ‡aCynster sisters ; ‡v2
4900 . ‡aCynster ; ‡v17
650 0. ‡aCynster family (Fictitious characters) ‡vFiction.
650 0. ‡aKidnapping ‡vFiction. ‡0(LARL_NWRL_CONSORTIUM)165838
650 0. ‡aMan-woman relationships ‡vFiction. ‡0(LARL_NWRL_CONSORTIUM)165985
655 7. ‡aRegency fiction. ‡2gsafd
655 7. ‡aLove stories. ‡2gsafd
901 . ‡a133912 ‡bOCLC ‡c133912 ‡tbiblio

Additional Resources